000 01084nac a22003257a 4500
001 BR0000579
003 BR-BrBNA
005 20240105122341.0
008 230509b bl.|||m| |||| 00| 0 por d
040 _aBR-BrBNA
_bpor
_cBiblioteca Nacional de Agricultura
072 _aE10
090 _a5212 BR0000579
100 1 _aFaminow, M.D.
100 1 _aSa, C.P. de
100 1 _aOliveira, S.J. de M.
100 1 _aValentim, J.F.
100 1 _aVosti, S.A.
110 1 _aCentro de Pesquisa Agroflorestal de Rondonia, Porto Velho (Brasil)
245 1 _aDevelopment of an investment model for the smallholder cattle sector in the western Amazon; 1: preliminaries
260 3 _aPorto Velho, RO (Brasil):
_c1997.
300 _a22 p.
490 _aBoletim de Pesquisa - Centro de Pesquisa Agroflorestal de Rondonia (Brazil)
_vno. 16
_xISSN 0103-9342
500 _aSummary (Pt); 11 tables
650 _aGado Leiteiro
650 _aEconomia Florestal
650 _aAmazonia
650 _aRondonia
909 _a202312
_bLúcia Elande
_c55
_dLúcia Elande
942 _2AGRIS
_n0
_cMS
999 _c290571
_d290571